|
|
|
|
| LEADER |
00000ny a22000003n 4500 |
| 005 |
20110527102548.0 |
| 008 |
980904s1997 sp s 000 0 spa c |
| 020 |
|
|
|a 8471305569
|
| 035 |
|
|
|a 724
|
| 040 |
|
|
|a UMA.DER
|d vLex
|
| 040 |
|
|
|a UMA.RE
|d vLex
|
| 080 |
|
|
|a 347(460)
|
| 090 |
|
|
|c 2145
|d 2145
|
| 245 |
0 |
0 |
|a Comentarios al Cd̤igo Civil y compilaciones forales
|h [Recurso electrn̤ico]
|c dirigidos por Manuel Albaladejo y Silvia Da̕z Alabart
|
| 256 |
|
|
|a Servicio en ln̕ea
|
| 260 |
|
|
|a Madrid :
|b Editorial Revista de Derecho Privado :
|b Editoriales de Derecho Reunidas,
|c D.L.1997
|
| 300 |
|
|
|a p. ;
|c 21 cm
|
| 505 |
0 |
|
|t Tomo XX. Vol.2, Artc̕ulos 1.583 a 1.603 del Cd̤igo Civil /
|r comentados por Francisco Lucas Fernǹdez
|
| 506 |
1 |
|
|a Contenido solo disponible en los productos indicados
|d vLex Global
|d vLex Global (Academic Edition, excluding Law Schools)
|d vLex Global (U.S. Academic Edition, Law Schools)
|d vLex Global (U.S. Academic Edition, excluding Law Schools)
|d vLex Global (Academic Edition, Law Schools)
|
| 650 |
0 |
7 |
|2 Tesauro vLex
|a Civil
|
| 650 |
0 |
7 |
|2 Tesauro vLex
|a Cd̤igo civil
|
| 650 |
0 |
7 |
|2 Tesauro vLex
|a Arrendadores
|
| 650 |
0 |
7 |
|2 Tesauro vLex
|a Arrendatarios
|
| 700 |
1 |
|
|a Da̕z Alabart, Silvia,
|e dir
|
| 700 |
1 |
|
|a Lucas Fernǹdez, Francisco,
|e com
|
| 740 |
0 |
|
|a vLex Libros (Servicios en ln̕ea)
|
| 856 |
4 |
0 |
|z Acceso restringido
|u http://vlex.com/source/724
|
| 942 |
|
|
|c BOOK
|